| 000 | 004640000a22001810004500 | ||
|---|---|---|---|
| 003 | MACL | ||
| 005 | 20151003110847.0 | ||
| 008 | 151003b xxu||||| |||| 00| 0 eng d | ||
| 040 |
_aMACL _cMACL |
||
| 041 | _aEnglish | ||
| 082 | _a910 | ||
| 100 |
_aKerala State Gazetteer _913311 |
||
| 245 |
_aGazetteer Of India _bVOl-3 |
||
| 260 |
_bKerala Gazetteers Department _c1989 |
||
| 350 | _a142 | ||
| 650 |
_aGeneral Geography And Travels _913190 |
||
| 942 |
_cBK _k910 _2ddc |
||
| 999 |
_c4518 _d4518 |
||